000 00381 a2200169 4500
001 49487
020 _a8526008870
040 _cAnchieta - Bela Vista
100 _aLessa, Orígenes
240 1 0 _aA pedra no sapato do herói
_lpor
245 1 0 _aA pedra no sapato do herói
300 _a94
362 0 _a2004
440 1 _aGlobal
650 4 _aLiteratura juvenil
942 _cBK
999 _c49487
_d49487